Coco quiz in 1 minute - Statistics

General Stats
  • This quiz has been taken 104 times
  • The average score is 7 of 8
Answer Stats
Question Answer % Correct
what day does miguel enter the spirit realm? day of the dead
100%
what is the main characters name? miguel
97%
what does miguels family hate? music
97%
who does miguel admire? ernesto de la cruz
94%
what shape is the pool in ernestos party? guitar
88%
whats miguels dogs name? dante
81%
finish the lyrics: ay amor ay amor where should i put my... shoes
75%
how can miguel go home? by getting permission from a family member
72%
No matching quizzes found
Score Distribution
Percent of People with Each Score
Percentile by Number Answered
Your Score History
You have not taken this quiz